书目信息 |
| 题名: |
少林正宗七十二艺
|
|
| 作者: | 德虔 | |
| 分册: | ||
| 出版信息: | 北京 北京体育大学出版社 2000 |
|
| 页数: | 364 | |
| 开本: | 20cm | |
| 丛书名: | 少林功夫丛书 | |
| 单 册: | ||
| 中图分类: | G852.15 | |
| 科图分类: | ||
| 主题词: | 武术 , 民族形式体育 | |
| 电子资源: | ||
| ISBN: | 7-81051-265-X | |
| 000 | 00592nam0 2200217 450 | |
| 001 | 0736480453 | |
| 005 | 20070817100800.46 | |
| 010 | @a7-81051-265-X@d¥23.80 | |
| 100 | @a20070817d km y0chiy0120 ea | |
| 101 | 0 | @achi |
| 200 | 1 | @a少林正宗七十二艺@Ashao lin zheng zong qi shi er yi@f德虔@Fde qian |
| 210 | @a北京@c北京体育大学出版社@d2000 | |
| 215 | @a364@d20cm | |
| 225 | 2 | @a少林功夫丛书 |
| 410 | 0 | @12001 @a少林功夫丛书 |
| 606 | 0 | @a武术 |
| 606 | 0 | @a民族形式体育 |
| 690 | @aG852.15@v3 | |
| 701 | 0 | @a德虔@Ade qian |
| 801 | 0 | @aCN@bPFT@c20070817 |
| 905 | @a213230@dG852.15@et62@f1 | |
| 少林正宗七十二艺/德虔.-北京:北京体育大学出版社,2000 |
| 364;20cm.-(少林功夫丛书) |
| ISBN 7-81051-265-X:¥23.80 |
| ● |
| 相关链接 |
|
|
|
|
正题名:少林正宗七十二艺
索取号:G852.15/t62
 
预约/预借
| 序号 | 登录号 | 条形码 | 馆藏地/架位号 | 状态 | 备注 |
| 1 | 6901712 | 269017128 | 密集书库-体育系/ [索取号:G852.15/t62] | 在馆 | |
| 2 | 6901713 | 269017137 | 密集书库-体育系/ [索取号:G852.15/t62] | 在馆 | |
| 3 | 6901716 | 269017164 | 密集书库-体育系/ [索取号:G852.15/t62] | 在馆 |